| 000 | 00830nam a22002175i 4500 | ||
|---|---|---|---|
| 001 | 168873 | ||
| 003 | ES-MaACL | ||
| 005 | 20260429201017.0 | ||
| 008 | 080618s1973 fr |||| | fre d | ||
| 080 | _a821.133.1-221"17" | ||
| 100 |
_aBeaumarchais, Pierre Augustin Caron de, _d1732-1799 _9239070 |
||
| 245 | 1 | 0 |
_aThéâtre complet _b: lettres relatives à son théâtre / _cBeaumarchais ; édition établie et annotée par Maurice Allem et Paul Courant. |
| 260 |
_aParis : _bGallimard, _c1973. |
||
| 300 |
_aXVIII, 851 p. ; _c18 cm. |
||
| 490 | 1 |
_aBibliothèque de la Pléiade ; _v22 |
|
| 700 | 1 |
_aAllem, Maurice. _919973 |
|
| 700 | 1 |
_aCourant, Paul. _9138002 |
|
| 830 | 0 |
_aBibliothèque de la Pléiade ; _v22 _9180233 |
|
| 852 |
_aES-MaACL _jE-12199 _9R.190410 _z.- Biblioteca Jacinto Martínez Lacalle |
||
| 999 |
_c168873 _d168873 |
||